000 006270000a22001210004500
001 1157
041 0 _aSpa
082 0 4 _aCD 073
100 1 _aDiscos Fuentes
245 1 0 _aCuentos de oro / Discos fuentes
505 0 0 _aCaperucita roja 7.08 minutos La bella durmiente 7.02 minutos Los tres ositos 9.42 minutos El burro flautista 2.10 minutos Alicia en el pais de las maravillas 7.48 minutos El nacimiento de Jesús 6.14 minutos El flautista de hamelin 8.12 minutos La sirenita 8.11 minutos
942 _cLGB
999 _c48331
_d48331